[Event "POL-chT DMP Ekstraliga 2019"]
[Site "Katowice"]
[Date "2019.08.31"]
[Round "4.29"]
[White "Bobras, Piotr"]
[Black "Kantans, Toms"]
[Result "1-0"]
[WhiteElo "2488"]
[BlackElo "2490"]
[Annotator "ChessBase"]
[PlyCount "59"]
[EventDate "2019.08.28"]
[EventType "team-tourn"]
[EventCountry "POL"]
[SourceTitle "playchess.com"]
[Source "ChessBase"]
[SourceQuality "1"]
[TimeControl "40/5400+30:1800+30"]

1. e4 {[%emt 0:00:00]} c5 {[%emt 0:00:00]} 2. Nf3 {[%emt 0:00:00]} d6 {[%emt 0:00:02]} 3. d4 {[%emt 0:00:00]} cxd4 {[%emt 0:00:04]} 4. Nxd4 {[%emt 0:00:00]} Nf6 {[%emt 0:00:06]} 5. Nc3 {[%emt 0:00:00]} a6 {[%emt 0:00:05]} 6. Bg5 {[%emt 0:00:01]} Nbd7 {[%emt 0:00:42]} 7. Bc4 {[%emt 0:00:10]} Qb6 {[%emt 0:00:11]} 8. Bb3 {[%emt 0:00:35]} e6 {[%emt 0:00:55]} 9. O-O {[%emt 0:02:04]} Be7 {[%emt 0:02:47]} 10. Kh1 {[%emt 0:05:28]} Nc5 {[%emt 0:02:19]} 11. Qe2 {[%emt 0:10:48]} O-O {[%emt 0:11:24]} 12. f4 {[%emt 0:14:43]} h6 {[%emt 0:21:31]} 13. Bh4 {[%emt 0:04:22]} Re8 {[%emt 0:03:06]} 14. e5 {[%emt 0:09:24]} Nd5 {[%emt 0:05:32]} 15. Nxd5 {[%emt 0:12:48]} exd5 {[%emt 0:00:05]} 16. Bxe7 {[%emt 0:01:25]} Nxb3 {[%emt 0:00:21]} 17. axb3 {[%emt 0:00:52]} Rxe7 {[%emt 0:00:55]} 18. Qf2 {[%emt 0:02:38]} Re8 {[%emt 0:06:22]} 19. c3 {[%emt 0:08:55]} Bd7 {[%emt 0:05:56]} 20. Qf3 {[%emt 0:00:32]} Rad8 {[%emt 0:03:38]} 21. Rae1 {[%emt 0:04:23]} a5 {[%emt 0:09:37]} 22. h3 {[%emt 0:03:50]} Re7 {[%emt 0:05:10]} 23. Re3 {[%emt 0:02:07]} Qc5 {[%emt 0:09:20]} 24. Qh5 {[%emt 0:02:34]} Qc7 {[%emt 0:03:33]} 25. f5 {[%emt 0:03:44]} Rxe5 {[%emt 0:04:46]} 26. Rg3 {[%emt 0:00:10]} f6 {[%emt 0:03:12]} 27. Rxg7+ {[%emt 0:03:06]} Kxg7 {[%emt 0:00:02]} 28. Qg6+ {[%emt 0:00:05]} Kf8 {[%emt 0:00:17]} 29. Qxf6+ {[%emt 0:00:17]} Kg8 {[%emt 0:00:37]} 30. Qg6+ {[%emt 0:00:09]} 1-0

[Event "POL-chT DMP Ekstraliga 2019"]
[Site "Katowice"]
[Date "2019.08.31"]
[Round "4.30"]
[White "Warakomska, Anna"]
[Black "Kiolbasa, Oliwia"]
[Result "1/2-1/2"]
[WhiteElo "2241"]
[BlackElo "2244"]
[Annotator "NA"]
[PlyCount "81"]
[EventDate "2019.08.28"]
[EventType "team-tourn"]
[EventCountry "POL"]
[SourceTitle "playchess.com"]
[Source "ChessBase"]
[SourceQuality "1"]
[TimeControl "40/5400+30:1800+30"]

1. e4 {[%emt 0:00:00]} e5 {[%emt 0:00:00]} 2. Nf3 {[%emt 0:00:00]} Nc6 {[%emt 0:00:00]} 3. Bc4 {[%emt 0:00:00]} Bc5 {[%emt 0:00:08]} 4. c3 {[%emt 0:00:00]} Nf6 {[%emt 0:00:14]} 5. d4 {[%emt 0:00:06]} exd4 {[%emt 0:00:23]} 6. e5 {[%emt 0:00:20]} d5 {[%emt 0:00:25]} 7. Bb5 {[%emt 0:00:05]} Ne4 {[%emt 0:00:09]} 8. cxd4 {[%emt 0:00:07]} Bb6 {[%emt 0:00:15]} 9. Nc3 {[%emt 0:00:15]} O-O {[%emt 0:07:45]} 10. Be3 {[%emt 0:00:39]} Nxc3 {[%emt 0:07:06]} 11. bxc3 {[%emt 0:00:08]} f6 {[%emt 0:00:04]} 12. O-O {[%emt 0:07:49]} fxe5 {[%emt 0:12:32]} 13. Bxc6 {[%emt 0:01:31]} bxc6 {[%emt 0:00:07]} 14. Nxe5 {[%emt 0:00:17]} Qd6 {[%emt 0:00:28]} 15. a4 {[%emt 0:26:25]} a5 {[%emt 0:05:44]} 16. Bc1 {[%emt 0:09:27]} Qf6 {[%emt 0:04:07]} 17. Ba3 {[%emt 0:01:23]} Re8 {[%emt 0:07:36]} 18. Re1 {[%emt 0:06:35]} Bf5 {[%emt 0:13:56]} 19. Qf3 {[%emt 0:07:57]} Bc2 {[%emt 0:06:29]} 20. Qg4 {[%emt 0:17:53]} Bf5 {[%emt 0:05:33]} 21. Qg3 {[%emt 0:02:37]} Be4 {[%emt 0:02:01]} 22. Re3 {[%emt 0:01:26]} Re6 {[%emt 0:04:26]} 23. Rae1 {[%emt 0:00:15]} Qf5 {[%emt 0:04:52]} 24. Ng4 {[%emt 0:09:22]} h5 {[%emt 0:11:26]} 25. f3 {[%emt 0:00:14]} hxg4 {[%emt 0:00:08]} 26. fxe4 {[%emt 0:00:05]} Rxe4 {[%emt 0:00:06]} 27. Rxe4 {[%emt 0:01:47]} dxe4 {[%emt 0:00:02]} 28. Rf1 {[%emt 0:00:30]} Qe6 {[%emt 0:00:49]} 29. Qe3 {[%emt 0:01:22]} Re8 {[%emt 0:00:44]} 30. Bc1 {[%emt 0:03:45]} Rf8 {[%emt 0:01:21]} 31. Rxf8+ {[%emt 0:00:31]} Kxf8 {[%emt 0:00:02]} 32. Qf4+ {[%emt 0:00:32]} Kg8 {[%emt 0:01:18]} 33. Be3 {[%emt 0:00:11]} Qc4 {[%emt 0:02:37]} 34. Qxe4 {[%emt 0:01:40]} Qxc3 {[%emt 0:00:06]} 35. Kf2 {[%emt 0:00:44]} Qc4 {[%emt 0:00:49]} 36. Qe8+ {[%emt 0:00:27]} Kh7 {[%emt 0:00:05]} 37. Qh5+ {[%emt 0:00:04]} Kg8 {[%emt 0:00:04]} 38. Qe8+ {[%emt 0:01:26]} Kh7 {[%emt 0:00:05]} 39. Qh5+ {[%emt 0:00:26]} Kg8 {[%emt 0:00:05]} 40. Qxg4 {[%emt 0:00:00]} Qxa4 {[%emt 0:00:00]} 41. Qc8+ {[%emt 0:07:59]} 1/2-1/2

[Event "POL-chT DMP Ekstraliga 2019"]
[Site "Katowice"]
[Date "2019.09.01"]
[Round "5.1"]
[White "Tomczak, Jacek"]
[Black "Mista, Aleksander"]
[Result "1/2-1/2"]
[WhiteElo "2628"]
[BlackElo "2599"]
[Annotator "TA"]
[PlyCount "105"]
[EventDate "2019.08.28"]
[EventType "team-tourn"]
[EventCountry "POL"]
[SourceTitle "playchess.com"]
[Source "ChessBase"]
[SourceQuality "1"]

{[%evp 16,105,46,17,46,32,78,75,69,62,69,70,76,61,72,55,77,77,87,99,89,86,93,105,110,124,134,97,143,141,194,194,210,137,137,136,137,135,135,130,117,112,191,185,188,29,31,18,52,54,58,34,57,49,42,37,289,316,314,314,306,299,296,286,261,0,199,251,189,10,16,10,16,17,16,31,16,18,20,8,14,8,13,0,0,0,2,0,0,0,0,0]} 1. e4 c5 2. Nf3 d6 3. d4 cxd4 4. Nxd4 Nf6 5. Nc3 g6 6. Be3 Bg7 7. f3 Nc6 8. Qd2 O-O 9. Nb3 Bd7 {B76: Sicilian Dragon: Yugoslav Attack, 9 g4 and 9 0-0-0} (9... Be6 10. O-O-O a5 11. a4 Rc8 12. Kb1 Ne5 13. Nd4 Bc4 14. b3 Bxf1 15. Rhxf1 Nc6 16. Ndb5 Nb4 17. Rc1 d5 {1-0 (39) Tomczak,J (2598)-Mista,A (2599) Poland 2018}) 10. O-O-O Rb8 11. Kb1 $146 ({Predecessor:} 11. Bh6 a6 12. h4 b5 13. Bxg7 Kxg7 14. h5 Rh8 15. hxg6 hxg6 16. Be2 Qb6 17. f4 {1-0 (42) Craciun,C (1379)-Marina,M (1527) Calimanesti Caciulata 2016}) 11... a6 {White is better.} 12. h4 h5 13. Bh6 Ne5 14. Bxg7 Kxg7 15. Nd5 Nxd5 16. exd5 Qb6 17. Be2 Rbc8 18. g4 hxg4 19. fxg4 Nxg4 (19... Bxg4 20. Bxg4 Nxg4 21. Nd4) 20. Bxg4 Bxg4 21. Rdf1 {aiming for h5!} Rh8 22. Nd4 $1 {[%mdl 1024] White has strong compensation.} (22. Qg5 Be2 $11) 22... Rh5 (22... Rc4 $16 {was worth a try.} 23. Rf4 Rxd4 24. Rxd4 Bf5) 23. Rhg1 $18 Bd7 24. Qe3 Qd8 25. Qf3 Kh8 26. Qxf7 Qe8 27. Qf4 ({Reject} 27. Qxg6 Qxg6 28. Rxg6 Rg8 $11) ({Of course not} 27. Rxg6 $6 Qxf7 28. Rxf7 Rxh4 $11) 27... Qg8 28. Rg5 Rxg5 (28... Qh7 $16) 29. Qxg5 ({Don't take} 29. hxg5 Qg7 $16) 29... Qg7 {[#]} 30. c3 $2 (30. h5 $1 $18) 30... Rf8 $1 $11 {[%cal Rf8f1]} 31. Rg1 Kh7 32. h5 {[%cal Rh5g6]} Rf6 33. Qe3 Qf7 34. hxg6+ Rxg6 35. Re1 $36 {[%mdl 2048] White has good play.} Qxd5 $2 {[%mdl 8192]} (35... Rg7 $1 $14) 36. Qxe7+ $18 {[%mdl 64] Double Attack} Rg7 37. Qh4+ Kg8 38. Rh1 {White threatens Qd8+ and mate.} Kf7 39. Rf1+ Kg8 40. Rh1 Kf7 $1 {[#]} 41. Ka1 $1 Qg5 {Threatens to win with ...Qxh4.} 42. Qf2+ $2 (42. Rf1+ $18 Kg8 43. Qf2) 42... Ke7 43. Rd1 {Black should prevent Qh2.} Qg3 44. Nf5+ Bxf5 $1 45. Qxf5 $11 {[%mdl 4096] Endgame Strongly threatening Qc8. KQR-KQR} Kd8 46. a3 {The position is equal.} Kc7 47. Qa5+ Kc8 48. Qb6 Rd7 49. c4 Qf3 50. Re1 {Re8+ would kill now.} Qf7 51. c5 dxc5 52. Qxc5+ Kb8 53. Qe5+ {Accuracy: White = 60%, Black = 56%.} 1/2-1/2

[Event "POL-chT DMP Ekstraliga 2019"]
[Site "Katowice"]
[Date "2019.09.01"]
[Round "5.2"]
[White "Moranda, Wojciech"]
[Black "Czarnota, Pawel"]
[Result "1/2-1/2"]
[WhiteElo "2597"]
[BlackElo "2532"]
[Annotator "TA"]
[PlyCount "39"]
[EventDate "2019.08.28"]
[EventType "team-tourn"]
[EventCountry "POL"]
[SourceTitle "playchess.com"]
[Source "ChessBase"]
[SourceQuality "1"]

{[%evp 15,39,36,27,28,41,3,3,14,17,15,0,0,23,18,18,18,28,23,29,9,10,14,6,0,13,0]} 1. d4 d5 2. c4 c6 3. Nf3 Nf6 4. e3 Bf5 5. Nc3 e6 6. Nh4 Be4 7. f3 Bg6 8. Qb3 Qc7 9. Bd2 {D12: Slav Defence: 3 Nf3 Nf6 4 e3 Bf5} Be7 10. cxd5 cxd5 (10... Nxd5 11. Nxg6 hxg6 12. O-O-O Nd7 13. Nxd5 cxd5+ 14. Kb1 a6 15. Rc1 Qb8 16. Bb4 a5 {½-½ (51) Eljanov,P (2680)-Postny,E (2623) chess.com INT 2019}) 11. Nxg6 hxg6 12. O-O-O Nc6 13. Kb1 Rc8 14. Rc1 a6 15. Bd3 Nd7 16. Ne2 Qb6 17. Qxb6 Nxb6 {The position is equal.} 18. Rc3 $146 Na4 19. Rc2 Kd7 20. a3 {Accuracy: White = 88%, Black = 73%.} 1/2-1/2

[Event "POL-chT DMP Ekstraliga 2019"]
[Site "Katowice"]
[Date "2019.09.01"]
[Round "5.3"]
[White "Olszewski, Michal"]
[Black "Dziuba, Marcin"]
[Result "1/2-1/2"]
[WhiteElo "2522"]
[BlackElo "2568"]
[Annotator "TA"]
[PlyCount "37"]
[EventDate "2019.08.28"]
[EventType "team-tourn"]
[EventCountry "POL"]
[SourceTitle "playchess.com"]
[Source "ChessBase"]
[SourceQuality "1"]

{[%evp 19,37,5,30,21,20,20,37,25,25,14,34,17,22,27,39,47,35,47,22,58]} 1. e4 c5 2. Nf3 d6 3. d4 cxd4 4. Nxd4 Nf6 5. Nc3 a6 6. Be3 ({Predecessor:} 6. a4 e5 7. Nf3 Qc7 8. Be2 Nbd7 9. O-O Nc5 10. Nd5 Nxd5 11. exd5 Be7 12. a5 O-O {½-½ (28) Tauscher,K (2179)-Walka,W (2232) ICCF email 2014}) 6... e5 7. Nf3 Qc7 8. a4 Be7 9. a5 O-O 10. Be2 Nbd7 11. O-O $146 {B90: Sicilian Najdorf: Unusual White 6th moves, 6 Be3 Ng4 and 6 Be3 e5} (11. Nd2 b5 12. axb6 Nxb6 13. O-O a5 14. Nb5 Qb8 15. c4 Be6 16. Qb3 Rc8 17. Rfc1 Bd8 18. Qd1 Nbd7 19. f3 Bb6 20. Nf1 Ne8 21. Rc3 {½-½ (41) Aronian,L (2763)-Naiditsch,A (2695) Karlsruhe/Baden Baden 2019}) 11... Nc5 12. Nd5 Nxd5 13. exd5 {White is slightly better.} Bg4 14. c4 e4 15. Nd2 Bxe2 16. Qxe2 f5 $1 17. b4 Nd3 18. Bb6 Qd7 19. f3 1/2-1/2

[Event "POL-chT DMP Ekstraliga 2019"]
[Site "Katowice"]
[Date "2019.09.01"]
[Round "5.4"]
[White "Michalik, Peter"]
[Black "Warakomski, Tomasz"]
[Result "1/2-1/2"]
[WhiteElo "2573"]
[BlackElo "2497"]
[Annotator "TA"]
[PlyCount "45"]
[EventDate "2019.08.28"]
[EventType "team-tourn"]
[EventCountry "POL"]
[SourceTitle "playchess.com"]
[Source "ChessBase"]
[SourceQuality "1"]

{[%evp 16,45,43,24,35,27,44,46,46,46,51,37,43,46,95,27,43,0,0,0,0,0,20,31,23,0,63,0,0,0,53,0]} 1. e4 d6 2. d4 Nf6 3. Nc3 e5 4. Nf3 Nbd7 5. Bc4 Be7 6. O-O O-O 7. a4 a5 8. Re1 c6 9. h3 Nb6 {C41: Philidor Defence} 10. Bb3 (10. Ba2 Nfd7 11. Be3 exd4 12. Bxd4 Nc5 13. Bxc5 dxc5 14. Qe2 Qd6 15. Rad1 Qg6 16. Ne5 Qg5 17. Nf3 Qg6 18. Ne5 Qg5 19. Nf3 Qg6 20. Ne5 Qg5 {½-½ (20) Fressinet,L (2650)-Ponomariov,R (2663) Germany 2019}) 10... Nfd7 11. Be3 exd4 12. Nxd4 Nc5 13. Qe2 {[#]} Re8 $146 ({Predecessor:} 13... Bf6 14. Rad1 Qe7 15. f4 Nxe4 16. Nxc6 bxc6 17. Bxb6 Nxc3 18. Qxe7 Bxe7 19. bxc3 {½-½ (45) Nguyen,T (2549)-Plat,V (2556) Prague 2018}) 14. Rad1 Qc7 {[#]} 15. f4 (15. Bxf7+ $1 $16 Kxf7 16. Qh5+ {[%mdl 64] Double Attack} Kf8 17. Qxh7) 15... Bf8 16. Qf3 Nxb3 17. cxb3 Nd7 18. f5 Ra6 (18... Ne5 $5 {[%cal Re5f3]} 19. Qf2 f6 $11) 19. Qg3 Rb6 20. Bf4 Kh8 (20... Nf6 $11) 21. Rc1 {And now Ncb5! would win.} Qd8 22. Rcd1 ({But not} 22. Bxd6 $2 Bxd6 23. Qxd6 c5 $17) 22... Qc7 23. Rc1 {Accuracy: White = 49%, Black = 56%.} (23. Nf3 $14) 1/2-1/2

[Event "POL-chT DMP Ekstraliga 2019"]
[Site "Katowice"]
[Date "2019.09.01"]
[Round "5.5"]
[White "Kantans, Toms"]
[Black "Plat, Vojtech"]
[Result "1/2-1/2"]
[WhiteElo "2490"]
[BlackElo "2561"]
[Annotator "ChessBase"]
[PlyCount "90"]
[EventDate "2019.08.28"]
[EventType "team-tourn"]
[EventCountry "POL"]
[SourceTitle "playchess.com"]
[Source "ChessBase"]
[SourceQuality "1"]
[TimeControl "40/5400+30:1800+30"]

1. e4 {[%emt 0:00:00]} c5 {[%emt 0:00:00]} 2. Nf3 {[%emt 0:00:00]} Nc6 {[%emt 0:00:00]} 3. Bb5 {[%emt 0:00:04]} g6 {[%emt 0:00:00]} 4. c3 {[%emt 0:00:45]} Bg7 {[%emt 0:00:15]} 5. d4 {[%emt 0:00:28]} cxd4 {[%emt 0:00:09]} 6. cxd4 {[%emt 0:00:06]} Nf6 {[%emt 0:06:58]} 7. Nc3 {[%emt 0:03:21]} Qa5 {[%emt 0:01:47]} 8. Qe2 {[%emt 0:10:39]} a6 {[%emt 0:08:26]} 9. Bxc6 {[%emt 0:02:03]} dxc6 {[%emt 0:00:33]} 10. h3 {[%emt 0:00:50]} c5 {[%emt 0:02:39]} 11. O-O {[%emt 0:06:08]} cxd4 {[%emt 0:00:05]} 12. Nxd4 {[%emt 0:00:08]} O-O {[%emt 0:00:06]} 13. Be3 {[%emt 0:06:31]} Bd7 {[%emt 0:05:04]} 14. Rac1 {[%emt 0:07:40]} Bb5 {[%emt 0:07:12]} 15. Ndxb5 {[%emt 0:13:22]} axb5 {[%emt 0:00:28]} 16. e5 {[%emt 0:00:08]} Nd7 {[%emt 0:00:27]} 17. e6 {[%emt 0:13:52]} fxe6 {[%emt 0:00:51]} 18. Rfd1 {[%emt 0:02:14]} Nf6 {[%emt 0:03:05]} 19. Bc5 {[%emt 0:03:06]} b4 {[%emt 0:01:17]} 20. Nb5 {[%emt 0:01:32]} Rf7 {[%emt 0:04:17]} 21. Nd4 {[%emt 0:06:24]} Qa6 {[%emt 0:06:57]} 22. Qxe6 {[%emt 0:03:23]} Qxe6 {[%emt 0:00:39]} 23. Nxe6 {[%emt 0:00:08]} Ne4 {[%emt 0:00:20]} 24. Bxb4 {[%emt 0:01:10]} Bxb2 {[%emt 0:03:56]} 25. Rc2 {[%emt 0:04:22]} Rf6 {[%emt 0:01:34]} 26. Nc7 {[%emt 0:03:14]} Rxa2 {[%emt 0:04:48]} 27. Nd5 {[%emt 0:00:05]} Rfa6 {[%emt 0:00:08]} 28. Re2 {[%emt 0:06:52]} Nf6 {[%emt 0:03:58]} 29. Nxe7+ {[%emt 0:00:12]} Kg7 {[%emt 0:01:51]} 30. Nc8 {[%emt 0:04:45]} Ra1 {[%emt 0:00:23]} 31. Rxa1 {[%emt 0:00:33]} Rxa1+ {[%emt 0:00:07]} 32. Kh2 {[%emt 0:00:02]} Rb1 {[%emt 0:01:39]} 33. Re7+ {[%emt 0:01:31]} Kg8 {[%emt 0:00:02]} 34. Rxb7 {[%emt 0:00:48]} Nd5 {[%emt 0:02:27]} 35. Ne7+ {[%emt 0:00:29]} Nxe7 {[%emt 0:00:01]} 36. Rxe7 {[%emt 0:00:19]} Bd4 {[%emt 0:00:04]} 37. Be1 {[%emt 0:00:30]} Rb2 {[%emt 0:01:29]} 38. f4 {[%emt 0:00:40]} Bc5 {[%emt 0:01:06]} 39. Re4 {[%emt 0:00:30]} Kf7 {[%emt 0:00:13]} 40. Bc3 {[%emt 0:00:00]} Rb1 {[%emt 0:00:00]} 41. g4 {[%emt 0:06:20]} Bd6 {[%emt 0:02:46]} 42. Kg2 {[%emt 0:04:04]} Rb3 {[%emt 0:00:05]} 43. Rc4 {[%emt 0:08:36]} Ke6 {[%emt 0:00:40]} 44. Bg7 {[%emt 0:00:56]} Rb4 {[%emt 0:00:19]} 45. Rxb4 {[%emt 0:04:23]} Bxb4 {[%emt 0:00:07]} 1/2-1/2

[Event "POL-chT DMP Ekstraliga 2019"]
[Site "Katowice"]
[Date "2019.09.01"]
[Round "5.6"]
[White "Majdan, Joanna"]
[Black "Warakomska, Anna"]
[Result "1/2-1/2"]
[WhiteElo "2368"]
[BlackElo "2241"]
[Annotator "TA"]
[PlyCount "45"]
[EventDate "2019.08.28"]
[EventType "team-tourn"]
[EventCountry "POL"]
[SourceTitle "playchess.com"]
[Source "ChessBase"]
[SourceQuality "1"]

{[%evp 34,45,19,20,31,31,26,26,24,0,29,0,22,0]} 1. e4 e5 2. Nf3 Nc6 3. Bb5 a6 4. Ba4 Nf6 5. O-O Be7 6. Re1 b5 7. Bb3 d6 8. c3 O-O 9. h3 Nb8 10. d4 Nbd7 11. Nbd2 Bb7 12. Bc2 Re8 13. Nf1 Bf8 14. Ng3 g6 15. a4 c5 16. d5 c4 17. Bg5 h6 18. Be3 Qc7 {C95: Closed Ruy Lopez: Breyer Variation with 10 d4} (18... Nc5 19. Qd2 h5 20. Ra3 Nfd7 21. Qe2 Nb6 22. axb5 axb5 23. Rxa8 Bxa8 24. Ng5 Qf6 25. Rf1 Nbd7 26. h4 Qe7 27. Ra1 Bb7 {0-1 (81) Topalov,V (2740)-Amin,B (2704) Abidjan 2019}) 19. Qd2 h5 20. Bg5 Nh7 21. Be3 Nhf6 22. Bg5 {[#]} Nh7 $146 23. Be3 1/2-1/2

[Event "POL-chT DMP Ekstraliga 2019"]
[Site "Katowice"]
[Date "2019.09.01"]
[Round "5.8"]
[White "Shevchenko, Kirill"]
[Black "Leniart, Arkadiusz"]
[Result "1/2-1/2"]
[WhiteElo "2556"]
[BlackElo "2488"]
[Annotator "ChessBase"]
[PlyCount "121"]
[EventDate "2019.08.28"]
[EventType "team-tourn"]
[EventCountry "POL"]
[SourceTitle "playchess.com"]
[Source "ChessBase"]
[SourceQuality "1"]
[TimeControl "40/5400+30:1800+30"]

1. e4 {[%emt 0:00:00]} e5 {[%emt 0:00:00]} 2. Nf3 {[%emt 0:00:00]} Nc6 {[%emt 0:00:00]} 3. Bb5 {[%emt 0:00:00]} g6 {[%emt 0:00:00]} 4. c3 {[%emt 0:02:22]} a6 {[%emt 0:18:34]} 5. Ba4 {[%emt 0:00:20]} d6 {[%emt 0:01:07]} 6. d4 {[%emt 0:04:45]} Bd7 {[%emt 0:01:30]} 7. Bg5 {[%emt 0:12:52]} Be7 {[%emt 0:04:29]} 8. Bxe7 {[%emt 0:10:14]} Qxe7 {[%emt 0:03:49]} 9. O-O {[%emt 0:02:14]} Nf6 {[%emt 0:01:27]} 10. Nbd2 {[%emt 0:02:22]} O-O {[%emt 0:01:38]} 11. Re1 {[%emt 0:00:14]} b5 {[%emt 0:06:28]} 12. Bc2 {[%emt 0:11:29]} Nh5 {[%emt 0:04:10]} 13. Qe2 {[%emt 0:08:41]} Qf6 {[%emt 0:10:42]} 14. dxe5 {[%emt 0:06:27]} Nxe5 {[%emt 0:03:16]} 15. Nxe5 {[%emt 0:02:29]} Qxe5 {[%emt 0:04:20]} 16. Nf3 {[%emt 0:02:37]} Qe7 {[%emt 0:01:51]} 17. e5 {[%emt 0:13:40]} Bc6 {[%emt 0:15:38]} 18. Be4 {[%emt 0:04:06]} d5 {[%emt 0:01:03]} 19. Bc2 {[%emt 0:02:01]} Bb7 {[%emt 0:00:05]} 20. Qe3 {[%emt 0:01:35]} f6 {[%emt 0:06:41]} 21. b4 {[%emt 0:02:48]} f5 {[%emt 0:04:26]} 22. Qc5 {[%emt 0:04:00]} Qxc5 {[%emt 0:03:23]} 23. bxc5 {[%emt 0:00:01]} c6 {[%emt 0:00:47]} 24. Nd4 {[%emt 0:00:18]} Kf7 {[%emt 0:01:01]} 25. a4 {[%emt 0:02:12]} Ng7 {[%emt 0:00:43]} 26. f4 {[%emt 0:02:00]} Ne6 {[%emt 0:00:41]} 27. Nxe6 {[%emt 0:00:15]} Kxe6 {[%emt 0:00:06]} 28. Bd3 {[%emt 0:01:17]} Rfb8 {[%emt 0:01:56]} 29. a5 {[%emt 0:02:24]} Bc8 {[%emt 0:00:13]} 30. Rab1 {[%emt 0:00:13]} Ke7 {[%emt 0:00:28]} 31. Kf2 {[%emt 0:00:21]} Be6 {[%emt 0:00:29]} 32. Re3 {[%emt 0:00:48]} h6 {[%emt 0:01:07]} 33. h4 {[%emt 0:00:39]} h5 {[%emt 0:00:48]} 34. Rg3 {[%emt 0:00:12]} Kf7 {[%emt 0:00:11]} 35. Ke3 {[%emt 0:00:06]} Rd8 {[%emt 0:00:25]} 36. Kd4 {[%emt 0:00:05]} Rab8 {[%emt 0:00:09]} 37. Rg5 {[%emt 0:00:17]} Rh8 {[%emt 0:01:01]} 38. Be2 {[%emt 0:00:37]} Rbd8 {[%emt 0:00:18]} 39. Rh1 {[%emt 0:00:13]} Rh6 {[%emt 0:02:00]} 40. Bd3 {[%emt 0:00:00]} Rdh8 {[%emt 0:00:00]} 41. Rg3 {[%emt 0:01:13]} Rb8 {[%emt 0:01:02]} 42. Rb1 {[%emt 0:00:16]} Rhh8 {[%emt 0:00:25]} 43. Rg5 {[%emt 0:00:11]} Rh6 {[%emt 0:00:49]} 44. Bc2 {[%emt 0:00:09]} Rd8 {[%emt 0:00:33]} 45. Rg3 {[%emt 0:00:38]} Rhh8 {[%emt 0:00:15]} 46. Bd1 {[%emt 0:00:10]} Rb8 {[%emt 0:00:23]} 47. Rd3 {[%emt 0:00:12]} Rhd8 {[%emt 0:00:38]} 48. Bf3 {[%emt 0:00:09]} Ke7 {[%emt 0:02:06]} 49. Rb4 {[%emt 0:00:10]} Kd7 {[%emt 0:01:02]} 50. Re3 {[%emt 0:00:20]} Ke7 {[%emt 0:01:29]} 51. Re1 {[%emt 0:00:15]} Rbc8 {[%emt 0:00:43]} 52. Rd1 {[%emt 0:00:12]} Rd7 {[%emt 0:01:00]} 53. Ke3 {[%emt 0:00:06]} Rdd8 {[%emt 0:00:57]} 54. Rdd4 {[%emt 0:00:45]} Rd7 {[%emt 0:00:33]} 55. Kd2 {[%emt 0:00:05]} Rdd8 {[%emt 0:03:05]} 56. Kc2 {[%emt 0:00:04]} Rd7 {[%emt 0:01:21]} 57. Rb1 {[%emt 0:00:48]} Rdd8 {[%emt 0:05:21]} 58. Rbd1 {[%emt 0:00:39]} Rb8 {[%emt 0:00:19]} 59. g3 {[%emt 0:03:51]} Rdc8 {[%emt 0:01:59]} 60. Rb1 {[%emt 0:01:04]} Rd8 {[%emt 0:01:36]} 61. Rb2 {[%emt 0:06:06]} 1/2-1/2

[Event "POL-chT DMP Ekstraliga 2019"]
[Site "Katowice"]
[Date "2019.09.01"]
[Round "5.9"]
[White "Druska, Juraj"]
[Black "Kriebel, Tadeas"]
[Result "1/2-1/2"]
[WhiteElo "2460"]
[BlackElo "2531"]
[Annotator "ChessBase"]
[PlyCount "52"]
[EventDate "2019.08.28"]
[EventType "team-tourn"]
[EventCountry "POL"]
[SourceTitle "playchess.com"]
[Source "ChessBase"]
[SourceQuality "1"]
[TimeControl "40/5400+30:1800+30"]

1. e4 {[%emt 0:00:00]} c5 {[%emt 0:00:00]} 2. Nf3 {[%emt 0:00:00]} Nc6 {[%emt 0:00:00]} 3. d4 {[%emt 0:00:10]} cxd4 {[%emt 0:00:00]} 4. Nxd4 {[%emt 0:00:05]} Nf6 {[%emt 0:00:00]} 5. Nc3 {[%emt 0:00:05]} e6 {[%emt 0:00:00]} 6. Ndb5 {[%emt 0:00:16]} Bc5 {[%emt 0:00:13]} 7. Nd6+ {[%emt 0:07:36]} Ke7 {[%emt 0:00:16]} 8. Nxc8+ {[%emt 0:13:45]} Rxc8 {[%emt 0:00:59]} 9. Bd3 {[%emt 0:00:08]} a6 {[%emt 0:13:56]} 10. O-O {[%emt 0:02:29]} Ne5 {[%emt 0:05:04]} 11. Qe2 {[%emt 0:03:46]} Qc7 {[%emt 0:10:39]} 12. Kh1 {[%emt 0:01:56]} Nxd3 {[%emt 0:02:25]} 13. cxd3 {[%emt 0:00:52]} Qe5 {[%emt 0:00:55]} 14. f4 {[%emt 0:05:14]} Qh5 {[%emt 0:00:17]} 15. Rf3 {[%emt 0:10:04]} Bd4 {[%emt 0:08:34]} 16. Bd2 {[%emt 0:01:26]} d6 {[%emt 0:02:44]} 17. Raf1 {[%emt 0:04:30]} Rhe8 {[%emt 0:12:56]} 18. Qe1 {[%emt 0:03:15]} Qc5 {[%emt 0:02:25]} 19. e5 {[%emt 0:11:09]} dxe5 {[%emt 0:01:29]} 20. Ne4 {[%emt 0:00:12]} Qd5 {[%emt 0:04:08]} 21. fxe5 {[%emt 0:14:49]} Bxe5 {[%emt 0:01:29]} 22. Bg5 {[%emt 0:00:12]} Rc2 {[%emt 0:03:13]} 23. Qh4 {[%emt 0:03:58]} Kd7 {[%emt 0:07:58]} 24. Bxf6 {[%emt 0:01:42]} gxf6 {[%emt 0:00:07]} 25. Nxf6+ {[%emt 0:01:15]} Bxf6 {[%emt 0:00:09]} 26. Qxf6 {[%emt 0:00:02]} Re7 {[%emt 0:01:27]} 1/2-1/2